BSOP header

Spiritual care with sick children and young people : (Record no. 41309)

MARC details
000 -LEADER
fixed length control field 01565cam a22003618i 4500
001 - CONTROL NUMBER
control field 18584589
005 - DATE AND TIME OF LATEST TRANSACTION
control field 20220802131402.0
008 - FIXED-LENGTH DATA ELEMENTS--GENERAL INFORMATION
fixed length control field 150415s2015 enk b 001 0 eng
010 ## - LIBRARY OF CONGRESS CONTROL NUMBER
LC control number 2015014877
020 ## - INTERNATIONAL STANDARD BOOK NUMBER
International Standard Book Number 9781849053891 (alk. paper)
035 ## - SYSTEM CONTROL NUMBER
System control number (DNLM)101656227
040 ## - CATALOGING SOURCE
Original cataloging agency DNLM/DLC
Transcribing agency DLC
Description conventions rda
042 ## - AUTHENTICATION CODE
Authentication code pcc
100 1# - MAIN ENTRY--PERSONAL NAME
Personal name Nash, Paul,
Dates associated with a name 1959- ,
Relator term author.
245 10 - TITLE STATEMENT
Title Spiritual care with sick children and young people :
Remainder of title a handbook for chaplains, paediatric health professionals, arts therapists, and youth workers /
Statement of responsibility, etc Paul Nash, Kathryn Darby, and Sally Nash.
263 ## - PROJECTED PUBLICATION DATE
Projected publication date 1508
264 #1 - PRODUCTION, PUBLICATION, DISTRIBUTION, MANUFACTURE STATEMENTS
Place of production, publication, distribution, manufacture London ;
-- Philadelphia :
Name of producer, publisher, distributor, manufacturer <a href="Jessica Kingsley Publishers,">Jessica Kingsley Publishers,</a>
Date of production, publication, distribution, manufacture 2015.
300 ## - PHYSICAL DESCRIPTION
Extent p. ;
Dimensions cm.
336 ## - CONTENT TYPE
Content Type Term text
Source rdacontent
337 ## - MEDIA TYPE
Media Type Term unmediated
Source rdamedia
338 ## - CARRIER TYPE
Carrier Type Term volume
Source rdacarrier
504 ## - BIBLIOGRAPHY, ETC. NOTE
Bibliography, etc Includes bibliographical references and index.
505 0# - FORMATTED CONTENTS NOTE
Formatted contents note Introduction to spiritual care -- Best practice principles for spiritual care -- Interpretive spiritual encounters -- Spiritual care, illness and identity -- Creating spaces for spiritual care -- Meaning making with children and young people -- Spiritual care with families -- Spiritual practices for spiritual care -- Tensions and issues -- Facilitating spiritual literacy.
650 12 - SUBJECT ADDED ENTRY--TOPICAL TERM
Topical term or geographic name as entry element Spiritual Therapies
General subdivision methods.
650 12 - SUBJECT ADDED ENTRY--TOPICAL TERM
Topical term or geographic name as entry element Spirituality.
650 22 - SUBJECT ADDED ENTRY--TOPICAL TERM
Topical term or geographic name as entry element Adolescent.
650 22 - SUBJECT ADDED ENTRY--TOPICAL TERM
Topical term or geographic name as entry element Child.
650 22 - SUBJECT ADDED ENTRY--TOPICAL TERM
Topical term or geographic name as entry element Pastoral Care.
650 22 - SUBJECT ADDED ENTRY--TOPICAL TERM
Topical term or geographic name as entry element Young Adult.
700 1# - ADDED ENTRY--PERSONAL NAME
Personal name Darby, Kathryn,
Dates associated with a name 1964- ,
Relator term author.
700 1# - ADDED ENTRY--PERSONAL NAME
Personal name Nash, Sally,
Dates associated with a name 1957- ,
Relator term author.
942 ## - ADDED ENTRY ELEMENTS (KOHA)
Source of classification or shelving scheme Library of Congress Classification
Item type Books
Holdings
Withdrawn status Lost status Source of classification or shelving scheme Damaged status Not for loan Home library Current library Shelving location Date acquired Source of acquisition Inventory number Total Checkouts Full call number Barcode Date last seen Price effective from Koha item type Cost, normal purchase price Copy number
    Library of Congress Classification     BSOP Library BSOP Library GC 04/10/2018   39773   BT732.5 N17 2015 00049773 04/10/2018 04/10/2018 Books    
    Library of Congress Classification     BSOP Library BSOP Library GC 05/10/2018 Book Depository 41158   BT732.5 N17 2015 c.2 00052158 05/10/2018 05/10/2018 Books 1314.04 c.2
BSOP

Biblical Seminary of the Philippines
  All rights Reserved
  © 2024

CONTACT INFORMATION

Biblical Seminary of the Philippines,
  77-B Karuhatan Road, Valenzuela City,
  PHILIPPINES 1441
  Phone: +632 8292-6795 / 8292-6798
  Fax : +632 8292-6675
  Email: library@bsop.edu.ph